LEADER 00789nam0-22002891i-450- 001 990003024680403321 035 $a000302468 035 $aFED01000302468 035 $a(Aleph)000302468FED01 035 $a000302468 100 $a20000920d1950----km-y0itay50------ba 101 0 $aita 102 $aIT 200 1 $aCatalogue of Economic and Social Projects$e1950$fUnited Nations. 210 $aLake Success$dN.Y.$cUnited Nations$d\[ \\1950]. 215 $axx, 515 p.$d23 cm 610 0 $aCataloghi 676 $aA/2.0 712 2$aNazioni Unite 801 0$aIT$bUNINA$gRICA$2UNIMARC 901 $aBK 912 $a990003024680403321 952 $aA/2.0 UNI$b0618$fSES 959 $aSES 996 $aCatalogue of Economic and Social Projects$9467000 997 $aUNINA DB $aING01 LEADER 01134nam0-2200325---450- 001 990009765240403321 005 20130930152235.0 035 $a000976524 035 $aFED01000976524 035 $a(Aleph)000976524FED01 035 $a000976524 100 $a20130926d1996----km-y0itay50------ba 101 0 $aeng 102 $aGB 105 $aacf-bc--001yd 200 1 $a<>exhibition of master drawings$eat our New York Galleries, 8th-31st May 1996$eat our London Galleries, 26th June-5th July, 1996$fColnaghi$g[presented by Jean-Luc Baroni$gcatalogue by Stephen Ongpin] 210 $aLondon$cP. & D. Colnaghi$dc1996 215 $a[53] carte$cill.$d31 cm 300 $aCatalogo dell'esposizione per la vendita, Londra 610 0 $aDisegni$aSec. 16.-20.$aEsposizioni$a1996 676 $a741.9$v19$zita 702 1$aOngpin,$bStephen 710 02$aColnaghi P. & D.$c$0324762 801 0$aIT$bUNINA$gRICA$2UNIMARC 901 $aBK 912 $a990009765240403321 952 $a741.9 MOSTRE LONDRA 1996$bBIBL. 59890$fFLFBC 959 $aFLFBC 996 $aExhibition of master drawings$9834929 997 $aUNINA LEADER 01098nas--2200397---450 001 990003052390203316 005 20240215110628.0 011 $a1592-419X 035 $a000305239 035 $aUSA01000305239 035 $a(ALEPH)000305239USA01 035 $a000305239 100 $a20080121a----9999km-y0itaa50------ba 101 0 $amul 102 $aIT 110 $aakazz--|||| 200 11$aRevue critique de philologie romane 210 $aAlessandria$dEdizioni dell'Orso 215 $av.$d24 cm 300 $aComincia nel 2000 300 $aDescrizione basata su: n.7. (2006) 326 $aAnnuale 606 0 $aFilologia romanza$xPeriodici 676 $a440.05 801 0$aIT$bsalbc$gISBD 852 $tCELDES_24 912 $a990003052390203316 948 $s43 949 $aVIII.144 958 $aUMA$bVIII.144$cn.7. (2006)- 959 $aSE 979 $aVITTORIANA$b90$c20080121$lUSA01$h1324 979 $aVITTORIANA$b90$c20080124$lUSA01$h1013 979 $aMUSELLA$b90$c20130306$lUSA01$h1013 996 $aRevue critique de philologie romane$91022094 997 $aUNISA